<?xml version="1.0" encoding="UTF-8"?>
<collection xmlns="http://www.loc.gov/MARC21/slim">
 <record>
  <leader>     na                 </leader>
  <controlfield tag="001">INLIS000000000865498</controlfield>
  <controlfield tag="005">20211111022342</controlfield>
  <datafield tag="035" ind1=" " ind2=" ">
   <subfield code="a">0010-1021000418</subfield>
  </datafield>
  <controlfield tag="007">ta</controlfield>
  <controlfield tag="008">210823s2020    yoia   e            ind d</controlfield>
  <datafield tag="020" ind1=" " ind2=" ">
   <subfield code="a">978-602-52742-2-0</subfield>
  </datafield>
  <datafield tag="040" ind1=" " ind2=" ">
   <subfield code="a">YOPDYOG</subfield>
   <subfield code="b">ind</subfield>
   <subfield code="e">rda</subfield>
  </datafield>
  <datafield tag="082" ind1="0" ind2="4">
   <subfield code="2">23</subfield>
   <subfield code="a">629.13</subfield>
  </datafield>
  <datafield tag="084" ind1=" " ind2=" ">
   <subfield code="a">629.13 AGU p</subfield>
  </datafield>
  <datafield tag="090" ind1=" " ind2=" ">
   <subfield code="a">CB-D.11 2020-3365</subfield>
  </datafield>
  <datafield tag="090" ind1=" " ind2=" ">
   <subfield code="a">Q 629.13 AGU p</subfield>
  </datafield>
  <datafield tag="100" ind1="0" ind2=" ">
   <subfield code="a">Agus Taufik Mulyono</subfield>
   <subfield code="e">penulis</subfield>
  </datafield>
  <datafield tag="245" ind1="1" ind2="0">
   <subfield code="a">Prosiding seminar nasional teknologi informasi dan kedirgantaraan :</subfield>
   <subfield code="b">senatik 2020 keselamatan penerbangan di masa pandemi covid-19 /</subfield>
   <subfield code="c">Agus Taufik Mulyono, Nurcahyo Utomo, Djarot Wahju Santoso, Wawan Edi Saputra, Prasetyo Edi, Fajar Khanif Rahmawati, Sri Mulyani; penyunting, Hero Wintolo, Freddy Kurniawan, Teguh Wibowo</subfield>
  </datafield>
  <datafield tag="250" ind1=" " ind2=" ">
   <subfield code="a">Desember 2020</subfield>
  </datafield>
  <datafield tag="300" ind1=" " ind2=" ">
   <subfield code="a">ix, 314 halaman :</subfield>
   <subfield code="b">ilustrasi ;</subfield>
   <subfield code="c">29 cm</subfield>
  </datafield>
  <datafield tag="650" ind1=" " ind2="4">
   <subfield code="a">Keselamatan penerbangan</subfield>
  </datafield>
  <datafield tag="700" ind1="0" ind2=" ">
   <subfield code="a">Nurcahyo Utomo</subfield>
   <subfield code="e">penulis</subfield>
  </datafield>
  <datafield tag="700" ind1="0" ind2=" ">
   <subfield code="a">Djarot Wahju Santoso</subfield>
   <subfield code="e">penulis</subfield>
  </datafield>
  <datafield tag="700" ind1="0" ind2=" ">
   <subfield code="a">Wawan Edi Saputra</subfield>
   <subfield code="e">penulis</subfield>
  </datafield>
  <datafield tag="700" ind1="0" ind2=" ">
   <subfield code="a">Prasetyo Edi</subfield>
   <subfield code="e">penulis</subfield>
  </datafield>
  <datafield tag="700" ind1="0" ind2=" ">
   <subfield code="a">Fajar Khanif Rahmawati</subfield>
   <subfield code="e">penulis</subfield>
  </datafield>
  <datafield tag="700" ind1="0" ind2=" ">
   <subfield code="a">Sri Mulyani</subfield>
   <subfield code="e">penulis</subfield>
  </datafield>
  <datafield tag="700" ind1="0" ind2=" ">
   <subfield code="a">Hero Wintolo</subfield>
   <subfield code="e">penyunting</subfield>
  </datafield>
  <datafield tag="700" ind1="0" ind2=" ">
   <subfield code="a">Freddy Kurniawan</subfield>
   <subfield code="e">penyunting</subfield>
  </datafield>
  <datafield tag="700" ind1="0" ind2=" ">
   <subfield code="a">Teguh Wibowo</subfield>
   <subfield code="e">penyunting</subfield>
  </datafield>
  <datafield tag="850" ind1=" " ind2=" ">
   <subfield code="a">YOPDYOG</subfield>
  </datafield>
  <datafield tag="111" ind1=" " ind2=" ">
   <subfield code="a">Seminar Nasional Teknologi Informasi</subfield>
  </datafield>
  <datafield tag="504" ind1=" " ind2=" ">
   <subfield code="a">Termasuk bibliografi</subfield>
  </datafield>
  <datafield tag="611" ind1=" " ind2=" ">
   <subfield code="a">Seminar Nasional Teknologi Informasi--</subfield>
   <subfield code="c">Yogyakarta, 10 Desember 2020--</subfield>
   <subfield code="d">2020</subfield>
  </datafield>
  <datafield tag="264" ind1="3" ind2="1">
   <subfield code="a">Yogyakarta :</subfield>
   <subfield code="b">Sekolah Tinggi Teknologi Adisutjipto,</subfield>
   <subfield code="c">2020</subfield>
  </datafield>
  <datafield tag="336" ind1=" " ind2=" ">
   <subfield code="2">rdacontent</subfield>
   <subfield code="a">teks</subfield>
  </datafield>
  <datafield tag="337" ind1=" " ind2=" ">
   <subfield code="2">rdamedia</subfield>
   <subfield code="a">tanpa perantara</subfield>
  </datafield>
  <datafield tag="338" ind1=" " ind2=" ">
   <subfield code="2">rdacarrier</subfield>
   <subfield code="a">volume</subfield>
  </datafield>
  <datafield tag="999" ind1=" " ind2=" ">
   <subfield code="a">CB-D.11/2020-3365</subfield>
  </datafield>
  <datafield tag="990" ind1=" " ind2=" ">
   <subfield code="a">CB-D.11/2020-3365</subfield>
  </datafield>
  <datafield tag="990" ind1=" " ind2=" ">
   <subfield code="a">68519-PD/A.2021</subfield>
  </datafield>
 </record>
</collection>
